Les archives secrètes de la Wilhelmstrasse. (Record no. 25669)

MARC details
000 -LEADER
campo de control de longitud fija 00693nam a2200193 i 4500
001 - NÚMERO DE CONTROL
campo de control 25669
003 - IDENTIFICADOR DE NÚMERO DE CONTROL
campo de control ES-MaACL
005 - FECHA Y HORA DE LA ÚLTIMA TRANSACCIÓN
campo de control 20250819174135.0
007 - CAMPO FIJO DE DESCRIPCIÓN FÍSICA--INFORMACIÓN GENERAL
campo de control de longitud fija t|
008 - DATOS DE LONGITUD FIJA--INFORMACIÓN GENERAL
campo de control de longitud fija 030102s1951 fr ||||1| fre d
245 04 - MENCIÓN DEL TÍTULO
Título Les archives secrètes de la Wilhelmstrasse.
Número de parte o sección de la obra II,
Nombre de parte o sección de la obra L'Allemagne et la Tchécoslovaquie (1937-1938) /
Mención de responsabilidad, etc. documents traduits de l'allemand par Michel Tournier.
260 ## - PUBLICACIÓN, DISTRIBUCIÓN, ETC.
Lugar de publicación, distribución, etc. Paris :
Nombre del editor, distribuidor, etc. Librairie Plon,
Fecha de publicación, distribución, etc. 1951.
300 ## - DESCRIPCIÓN FÍSICA
Extensión III, 632 p. ;
Dimensiones 23 cm.
651 #4 - PUNTO DE ACCESO ADICIONAL DE MATERIA--NOMBRE GEOGRÁFICO
Nombre geográfico Alemania-
Subdivisión general Relaciones-
Subdivisión geográfica Checoslovaquia.
9 (RLIN) 168668
700 1# - ENTRADA AGREGADA--NOMBRE PERSONAL
Nombre de persona Tournier, Michel,
Fechas asociadas al nombre 1924-2016
9 (RLIN) 111147
710 1# - ENTRADA AGREGADA--NOMBRE DE ENTIDAD CORPORATIVA
Nombre de entidad corporativa o nombre de jurisdicción como elemento de entrada Alemania.
Unidad subordinada Auswèartiges Amt.
9 (RLIN) 134104
852 ## - LOCALIZACIÓN
Ubicación ES-MaACL
Número de control de estantería P-1043-1
Holdings
Estatus retirado Estado de pérdida Estado de daño No para préstamo Biblioteca de origen Biblioteca actual Ubicación en estantería Fecha de adquisición Fuente de adquisición Total de préstamos Signatura topográfica completa Código de barras Visto por última vez Precio de reemplazo Tipo de ítem Koha
        Biblioteca del Ateneo de Madrid Biblioteca del Ateneo de Madrid Depósito 2 17/01/2008     P-1043-1 1026472 23/02/2023 23/02/2023 Libro impreso